00928nam a2200241 a 4500001001000000003000500010005001700015008004100032010001100073011001100084040000900095100002900104245013800133260004100271500006000312502009300372650002800465650004300493650002200536650003500558650002300593856007000616000111505CHAP20220329144215.0150513s2015 mx a fsm |||||||spa d a107967 a108939 cCHAP1 aIgnacio Elizondo, Esther10aMigración interna y comunalidad:h[En línea]balumnos mixes en la Universidad Autónoma Chapingo /cpor Esther Ignacio Elizondo. aChapingo, Méx. :bEl autor,c2015. aPara ver el contenido del material haga clic en la liga aTesis (Ing. Agr. Esp. en Sociología Rural) -- UACH. Departamento de Sociología Rural14aEducación agrícola.14aEducación superiorzMéxico (Edo.).14aIndios de Oaxaca.14aMigración internazMéxico.14aMigración rural. aFinding aiduhttp://10.13.5.2/tesis/sist111505.pdfzTeclea aquí